Guía de Barcelona / (Record no. 171610)

MARC details
000 -LEADER
campo de control de longitud fija 00505nam a22001695i 4500
001 - NÚMERO DE CONTROL
campo de control 171610
003 - IDENTIFICADOR DE NÚMERO DE CONTROL
campo de control ES-MaACL
005 - FECHA Y HORA DE LA ÚLTIMA TRANSACCIÓN
campo de control 20230906214657.0
008 - DATOS DE LONGITUD FIJA--INFORMACIÓN GENERAL
campo de control de longitud fija 090522s1951 sp |||| | spa d
080 ## - NÚMERO DE LA CLASIFICACIÓN DECIMAL UNIVERSAL
Número de la Clasificación Decimal Universal 914.671.1 B. (026)
100 1# - ENTRADA PRINCIPAL--NOMBRE DE PERSONA
Nombre de persona Soldevila, Carles.
9 (RLIN) 107110
245 10 - MENCIÓN DEL TÍTULO
Título Guía de Barcelona /
Mención de responsabilidad, etc. Carlos Soldevila.
250 ## - MENCION DE EDICION
Mención de edición [1ª ed.].
260 ## - PUBLICACIÓN, DISTRIBUCIÓN, ETC.
Lugar de publicación, distribución, etc. Barcelona :
Nombre del editor, distribuidor, etc. Destino,
Fecha de publicación, distribución, etc. [1951]
300 ## - DESCRIPCIÓN FÍSICA
Extensión 448 p., 9 plan. pleg. col., 20 lám. :
Otras características físicas il. ;
Dimensiones 22 cm.
852 ## - LOCALIZACIÓN
Ubicación ES-MaACL
Número de control de estantería C-18401
itemnumber R.46817
Holdings
Estatus retirado Estado de pérdida Estado de daño No para préstamo Biblioteca de origen Biblioteca actual Ubicación en estantería Fecha de adquisición Fuente de adquisición Total de préstamos Signatura topográfica completa Código de barras Visto por última vez Precio de reemplazo Tipo de ítem Koha
        Biblioteca del Ateneo de Madrid Biblioteca del Ateneo de Madrid Galería 22/05/2009     C-18401 1180095 23/02/2023 23/02/2023 Libro impreso